000 004230000a22001690004500
003 MACL
005 20151229132020.0
008 151229b xxu||||| |||| 00| 0 eng d
040 _aMACL
_cMACL
041 _aEnglish
082 _a170/HAL
100 _aHaldar, Hiralal
_923834
245 _aTwo Essays on General philosophy and Ethics
260 _bS C Gupta
_c1910
650 _aEthics
_923835
942 _cBK
_k170/HAL
_2ddc
999 _c37952
_d37952